Jak wypelniac deklaracje VAT 7 [przyklady, komentarz]
Salvato in:
| Autore principale: | |
|---|---|
| Natura: | Libro |
| Lingua: | polacco |
| Pubblicazione: |
Warszawa
Transit
1999
|
| Serie: | ABC podatnika
90 |
| Soggetti: | |
| Tags: |
Nessun Tag, puoi essere il primo ad aggiungerne!!
|
MARC
| LEADER | 00000nam a2200000 4500 | ||
|---|---|---|---|
| 001 | c123776 | ||
| 005 | 20221221082800.7 | ||
| 022 | |a 1233-8281 | ||
| 041 | 0 | |a pol | |
| 044 | |a PL | ||
| 245 | 1 | 0 | |a Jak wypelniac deklaracje VAT 7 |b [przyklady, komentarz] |c Juliusz Kaminski |
| 264 | 1 | |a Warszawa |b Transit |c 1999 | |
| 300 | |a 99 s. | ||
| 490 | 1 | |a ABC podatnika |v 90 | |
| 830 | 0 | |a ABC podatnika |v 90 | |
| 610 | 2 | 0 | |a dane |
| 610 | 2 | 0 | |a politika daňová |
| 610 | 2 | 0 | |a výkazy účtovné |
| 610 | 2 | 0 | |a tovar |
| 610 | 2 | 0 | |a služby |
| 610 | 2 | 0 | |a formuláre |
| 610 | 2 | 0 | |a poradenstvo |
| 610 | 2 | 0 | |a Poľsko |
| 100 | 1 | |a Kaminski, Juliusz | |